PHILIPPINE NATIONAL SYMBOLS - Statistics

General Stats
  • This quiz has been taken 4,578 times
  • The average score is 9 of 15
Answer Stats
Hint Answer % Correct
Philippine National Tree Narra
91%
Philippine National Flower Sampaguita
85%
Philippine National Fish Bangus
79%
Philippine National Dance Tinikling
76%
Philippine National Fruit Mangga
73%
Philippine National Leaf Anahaw
72%
Philippine National House Bahay Kubo
71%
Philippine National Animal Kalabaw
67%
Philippine National Costume for Men Barong Tagalog
66%
Philippine National Bird Agila
64%
Philippine National Footwear Bakya
43%
Philippine National Vehicle Kalesa
39%
Philippine National Hero Dr. Jose Rizal
35%
Philippine National Costume for Women Baro at Saya
28%
Philippine National Dish Lechon
22%
No matching quizzes found
Score Distribution
Percent of People with Each Score
Percentile by Number Answered
Your Score History
You have not taken this quiz